Statistics for Countries and Capitals with the Same Initials

Click here to take the quiz!

General Stats

  • This quiz has been taken 460 times
    (396 since last reset)
  • The average score is 19 of 29

Answer Stats

LetterCountry / Capital% Correct
VVatican City: Vatican City
90%
AAndorra: Andorra la Vella
83%
MMexico: Mexico City
83%
DDjibouti: Djibouti City
79%
AAlgeria: Algiers
78%
GGuatemala: Guatemala City
78%
BBrazil: Brasilia
76%
MMonaco: Monaco
76%
PPanama: Panama City
76%
SSan Marino: San Marino
76%
LLuxembourg: Luxembourg
75%
KKuwait: Kuwait City
73%
BBelgium: Brussels
72%
SSouth Korea: Seoul
70%
SSweden: Stockholm
69%
TTunisia: Tunis
64%
SSingapore: Singapore
62%
NNiger: Niamey
60%
BBelize: Belmopan
57%
GGuyana: Georgetown
56%
BBrunei: Bandar Seri Begawan
55%
MMaldives: Male
54%
MMozambique: Maputo
53%
TTaiwan: Taipei
53%
BBarbados: Bridgetown
52%
SSão Tomé and Príncipe: São Tomé
48%
MMarshall Islands: Majuro
43%
SSri Lanka: Sri Jayawardenapura Kotte
43%
PPapua New Guinea: Port Moresby
40%

Score Distribution

Percentile by Number Answered

Percent of People with Each Score

Your Score History

You have not taken this quiz since the last reset